Представление документа в формате RUSMARC

ПолеНазваниеЗначение
  Тип записи a
  Библиографический уровень m
001 Контрольный номер UONB/MAIN/aaa905888dfd40e3a0f9cd5e0ccac52b
005 Дата корректировки 20240416164107.1
010 Индекс ISBN __
d Цена 40 к.
100 Данные общей обработки __
a Данные общей обработки 20240416d1938 u y0rusy0189 ca
101 Язык документа 0_
a Язык текста rus
102 Страна публикации __
a Страна публикации RU
105 Кодированные данные (монография) __
a Кодированные данные (монография) y z 000yy
200 Заглавие и сведения об ответственности 1_
a Заглавие Распределение доходов в колхозах
f Первые сведения об ответственности Д. Рудь
203 Вид содержания и тип средства __
a Вид содержания Текст
b Характеристика содержания визуальный
c Тип средства непосредственный
210 Выходные данные 1_
a Место издания Москва
c Издательство Сельхозгиз
d Дата издания 1938
215 Физическое описание __
a Объем 64 с.
d Формат 21 см
606 Тематические рубрики 0_
a Основная рубрика Колхозы
x Основная подрубрика Доходы
606 Тематические рубрики 0_
a Основная рубрика Колхозы
x Основная подрубрика Учет и отчетность
610 Ключевые слова 0_
a Ключевые слова колхозы; доходы колхозов; учет и отчетность в колхозах; распределение доходов в колхозах
675 Индекс УДК __
a Индекс УДК 334.481
675 Индекс УДК __
a Индекс УДК 333С.42
686 Индексы других классификаций __
a Классификационный индекс 65.321.81
2 Код системы rubbk
700 Автор _1
a Фамилия Рудь
b Имя (инициалы) Д. Л.
g Полное личное имя Дмитрий Львович
801 Источник записи _0
a Страна RU
b Организация Ульяновская ОНБ
c Дата составления 20240416
g Правила каталогизации RCR
801 Источник записи _1
a Страна RU
b Организация Ульяновская ОНБ
c Дата составления 20240416
g Правила каталогизации RCR
901 Тип документа __
t Тип документа m
909 Создатель записи __
a Создатель записи Горбункова
b Дата создания записи 20240416